000 00881nam a22002295i 4500
001 156436
003 ES-MaACL
005 20230906210416.0
008 991030s1706 fr |||| | fre d
040 _aCAV
_bspa
_cCAV
100 0 _aJosefo, Flavio.
_966979
245 1 0 _aHistoire des juifs /
_cecrite par Flavius Ioseph sous le Titre de Antiquitez judaiques ; traduite sur l'original Grec ... par Monsieur Arnauld D'Andilly ; Tome Second.
250 _aNouvelle edition.
260 _aa Paris :
_bchez Louis Roulland ...,
_c1706.
300 _a509, [27] p. ;
_c12º.
597 _aSign.: A-Y12, Z4.
597 _aPort. con viñeta xil.
650 4 _aJudíos-
_xHistoria-
_yHasta 70 d.C.
_913997
700 1 _aArnaud d'Andilly, Robert (
_d1588-1674)
_9125710
852 _aES-MaACL
_jR-584-88
_z-- Enc. piel original de la época
_x Olim: D-3953-7
999 _c156436
_d156436